The Cdma 2000 System For Mobile Communications (Record no. 168736)

MARC details
000 -LEADER
fixed length control field 00470nam a2200193Ia 4500
008 - FIXED-LENGTH DATA ELEMENTS--GENERAL INFORMATION
fixed length control field 240823s9999||||xx |||||||||||||| ||und||
020 ## - INTERNATIONAL STANDARD BOOK NUMBER
International Standard Book Number 81-297-0755-1
082 ## - DEWEY DECIMAL CLASSIFICATION NUMBER
-- 621.3845 P5
100 ## - MAIN ENTRY--PERSONAL NAME
Personal name "vanghi,Vieri et al."
245 #4 - TITLE STATEMENT
Title The Cdma 2000 System For Mobile Communications
250 ## - EDITION STATEMENT
Edition statement 1st
260 ## - PUBLICATION, DISTRIBUTION, ETC. (IMPRINT)
Date of publication, distribution, etc 2005
Name of publisher, distributor, etc "Pearson,"
500 ## - GENERAL NOTE
General note YES
650 ## - SUBJECT ADDED ENTRY--TOPICAL TERM
Topical term or geographic name as entry element Mobile
942 ## - ADDED ENTRY ELEMENTS (KOHA)
Item type Books
Holdings
Withdrawn status Lost status Damaged status Permanent location Current location Date acquired Source of acquisition Cost, normal purchase price Full call number Barcode Date last seen Koha item type
      CENTRAL LIBRARY, NOORUL ISLAM CENTRE FOR HIGHER EDUCATION CENTRAL LIBRARY, NOORUL ISLAM CENTRE FOR HIGHER EDUCATION 01/10/2005 Global Book Syndicate 325.00 621.3845 P5 23128 08/23/2024 Books
Visitors:
Copyright © 2024 Central Library NICHE.  All rights reserved.